000 00295nam a22001337a 4500
008 170504b xxu||||| |||| 00| 0 eng d
020 _a9780073535821
041 _aeng
080 _27 ED
_a347
100 _a14
101 _aSHJ
245 _aNEW TESTAMENT
_cHARRIS.S.L
942 _2udc
_cBK
999 _c12700
_d12700